Yhdysvaltain dollarin setelien henkilöt - Statistics

Yleistilastot
  • Tätä visaa on pelattu 48 kertaa
  • Keskiarvotulos 5 / 7
Vastaustilastot
Kuvavisa Vastaus % Oikein
George Washington
100%
Abraham Lincoln
97%
Benjamin Franklin
72%
Thomas Jefferson
66%
Ulysses S. Grant
55%
Andrew Jackson
45%
Alexander Hamilton
17%
Ehtoja vastaavia visoja ei löytynyt
Tulosjakauma
Jokaisen tuloksen saaneiden osuus
Persentiili vastausten määrän mukaan
Tuloshistoriasi
Et ole pelannut tätä visaa